| 000 | 01375nam0a22002891 4500 | ||
|---|---|---|---|
| 001 | rc\4452061 | ||
| 005 | 20130416161949.7 | ||
| 021 |
_aRU _b[60-59822] |
||
| 035 | _a(NLR Aleph) 008587671 | ||
| 090 |
_a8624514 _c8624514 |
||
| 100 | _a20130416d1960 |||y0rusy50 ca | ||
| 101 | 0 | _arus | |
| 102 | _aRU | ||
| 105 | _aab z ||||| | ||
| 200 | 1 |
_aИсследования причин и закономерностей динамики численности зайца-беляка в Якутии _e[Сборник статей _fОтв. ред. и авт. предисл. д-р биол. наук проф. С.П. Наумов] _gАкад. наук СССР. Якут. филиал Сиб. отд-ния |
|
| 210 |
_aМосква _cИзд-во Акад. наук СССР _d1960 |
||
| 215 |
_a270 с. _cил., карт. _d27 |
||
| 300 | _aНа корешке загл.: Динамика численности зайца-беляка в Якутии | ||
| 320 | _aБиблиогр.: с. 264-269 | ||
| 516 | 0 | _aДинамика численности зайца-беляка в Якутии | |
| 606 |
_aЗайцы-беляки _xЭкология _yЯкутская АССР _2psbo |
||
| 702 | 1 |
_aНаумов _bС. П. _gСергей Павлович _4340 _4080 |
|
| 801 | 0 |
_aRU _bNLR _gpsbo |
|
| 801 | 1 |
_aRU _bELAR _2rusmarc |
|
| 852 |
_aNLR _j60-8/2844 |
||
| 942 | _cBOOK | ||
| 980 | _aNB | ||